Statistics for Top 10 Richest Filipino Celebrities in 2018

Click here to take the quiz!

General Stats

  • This quiz has been taken 145 times
  • The average score is 5 of 10

Answer Stats

RankAnswerNet Worth% Correct
1Manny Pacquiao₱9 Billion
83%
7Kris Aquino₱120 Million
73%
10Vice Ganda₱75 Million
66%
6Vic Sotto₱150 Million
56%
2Sharon Cuneta₱1 Billion
53%
3Willie Revillame₱600 Million
50%
4Vilma Santos₱500 Million
28%
9Bong Revilla₱100 Million
26%
8Lucy Torres₱100 Million
11%
5Ricky Reyes₱200 Million
7%

Score Distribution

Percentile by Number Answered

Percent of People with Each Score

Your Score History

You have not taken this quiz